[Event "1st Asia-ch"]
[Site "Teheran IRI"]
[Date "1998.08.18"]
[Round "4"]
[White "Reilly, Tim"]
[Black "Ismail, Ahmad"]
[Result "1-0"]
[WhiteElo "2270"]
[BlackElo "2040"]
[EventDate "1998.08.14"]
[PlyCount "124"]

1.d4 Nf6 2.c4 e5 3.dxe5 Ng4 4.Bf4 Nc6 5.Nf3 Bb4+ 6.Nbd2 Qe7 7.e3 Ngxe5 8.
Nxe5 Nxe5 9.Be2 O-O 10.O-O Bxd2 11.Qxd2 d6 12.Rfd1 b6 13.b4 Bb7 14.Rac1 
Rfd8 15.Qb2 Qf6 16.Rd2 Qg6 17.Bg3 Qe4 18.Bf1 Nc6 19.Bd3 Qe7 20.c5 dxc5 21.
bxc5 h5 22.h4 Na5 23.Qc3 Rd5 24.cxb6 cxb6 25.Be2 Rxd2 26.Qxd2 Rd8 27.Qb2 
Qe4 28.Bf3 Qf5 29.Bxb7 Nxb7 30.Rc7 Rd1+ 31.Kh2 Nc5 32.Rxa7 Ne4 33.Qe5 Qxe5
34.Bxe5 Nxf2 35.Bd4 b5 36.Rb7 Ng4+ 37.Kg3 Rd3 38.Kf3 Ra3 39.Rb8+ Kh7 40.
Rxb5 Rxa2 41.Rxh5+ Nh6 42.g4 Ra8 43.Rb5 g6 44.Rb7 Re8 45.e4 g5 46.hxg5 
Nxg4 47.Rxf7+ Kg6 48.Rf5 Rd8 49.Kxg4 Rxd4 50.Rf6+ Kg7 51.Kf5 Rd1 52.Rc6 
Rf1+ 53.Ke6 Kg6 54.e5 Kxg5 55.Ke7 Re1 56.e6 Kg6 57.Ke8 Kg7 58.e7 Re2 59.
Rc4 Kf6 60.Rf4+ Kg7 61.Rf7+ Kg8 62.Rf8+ Kg7 1-0

[Event "1st Asia-ch"]
[Site "Teheran IRI"]
[Date "1998.08.18"]
[Round "4"]
[White "Saravanan, Venkat"]
[Black "Saltaev, Mikhail"]
[Result "1/2-1/2"]
[WhiteElo "2390"]
[BlackElo "2525"]
[EventDate "1998.08.14"]
[PlyCount "107"]

1.e4 c5 2.Nc3 e6 3.Nge2 Nc6 4.g3 Nf6 5.Bg2 d6 6.O-O Bd7 7.h3 Rb8 8.a4 a6 
9.g4 h6 10.d3 b5 11.axb5 axb5 12.Ng3 b4 13.Nce2 Ra8 14.Rxa8 Qxa8 15.f4 Be7
16.c3 Qa2 17.d4 cxd4 18.cxd4 O-O 19.d5 Na5 20.Nd4 Rc8 21.g5 hxg5 22.fxg5 
Nh7 23.dxe6 Bxe6 24.Ngf5 Bf8 25.Nxe6 Qxe6 26.Bf4 Nc4 27.b3 Ne5 28.Qd5 Rc3 
29.Qxe6 fxe6 30.Nd4 Be7 31.Nxe6 Rxb3 32.Bxe5 dxe5 33.g6 Ng5 34.Nxg5 Bxg5 
35.Bf3 Bf4 36.Bg4 Kf8 37.Rd1 Ke8 38.Rd5 Rb1+ 39.Kg2 b3 40.Rb5 b2 41.Be6 
Be3 42.Ba2 Rg1+ 43.Kh2 Rxg6 44.Rxb2 Bf4+ 45.Kh1 Ra6 46.Bc4 Ra1+ 47.Kg2 Re1
48.Bd5 Ke7 49.h4 Be3 50.Kf3 Bh6 51.Rb6 Rf1+ 52.Ke2 Rf6 53.Rxf6 Kxf6 54.Kf3
1/2-1/2

[Event "1st Asia-ch"]
[Site "Teheran IRI"]
[Date "1998.08.19"]
[Round "5"]
[White "Aliev, Kerim"]
[Black "Ghorbani, Mohsen"]
[Result "1-0"]
[WhiteElo "2385"]
[BlackElo "2430"]
[EventDate "1998.08.14"]
[PlyCount "73"]

1.d4 d5 2.c4 dxc4 3.Nc3 Nf6 4.e4 c6 5.Bxc4 b5 6.Bd3 a6 7.Nf3 e6 8.Bg5 h6 
9.Bh4 Nbd7 10.O-O Bb7 11.d5 e5 12.Rc1 c5 13.a4 c4 14.Be2 Qb6 15.Bxf6 gxf6 
16.Nh4 Nc5 17.Bh5 Rh7 18.Nf5 Rd8 19.Qg4 Bc8 20.d6 Be6 21.Nd5 Bxd5 22.exd5 
Rh8 23.Bxf7+ Kd7 24.axb5 axb5 25.Rxc4 h5 26.Qh3 Bxd6 27.Rc2 b4 28.Rfc1 Bf8
29.Bxh5 b3 30.Rc4 Ra8 31.Qg4 Kd8 32.Qg6 Rxh5 33.Qxh5 Nd3 34.Qf7 Bc5 35.
Qg8+ Kd7 36.Qxa8 Nxc1 37.Qc6+ 1-0

[Event "1st Asia-ch"]
[Site "Teheran IRI"]
[Date "1998.08.19"]
[Round "5"]
[White "Azahari, Mohd Nor"]
[Black "Mallahi, Amir"]
[Result "0-1"]
[WhiteElo "2140"]
[BlackElo "2370"]
[EventDate "1998.08.14"]
[PlyCount "52"]

1.d4 d5 2.Nc3 c5 3.Bg5 Nc6 4.e4 cxd4 5.Nxd5 f6 6.Bd2 e6 7.Nf4 Nge7 8.Bc4 
Qd6 9.Qh5+ g6 10.Qh4 Bg7 11.O-O-O O-O 12.Nd3 Kh8 13.f4 Bd7 14.Nf3 Rab8 15.
e5 Qc7 16.exf6 Bxf6 17.Ng5 Bxg5 18.fxg5 b5 19.Bb3 a5 20.Nc5 e5 21.Na6 Qd6 
22.Nxb8 Rxb8 23.a4 bxa4 24.Bxa4 Nb4 25.Bxd7 Na2+ 26.Kb1 Qa3 0-1

[Event "1st Asia-ch"]
[Site "Teheran IRI"]
[Date "1998.08.19"]
[Round "5"]
[White "Bagheri, Amir"]
[Black "Reilly, Tim"]
[Result "1-0"]
[WhiteElo "2405"]
[BlackElo "2270"]
[EventDate "1998.08.14"]
[PlyCount "83"]

1.d4 d6 2.Nf3 g6 3.Bg5 Bg7 4.c3 Nf6 5.Nbd2 O-O 6.e4 Nc6 7.Bc4 e5 8.dxe5 
Nxe5 9.Nxe5 dxe5 10.O-O h6 11.Bh4 Qd6 12.Qc2 Be6 13.Rfd1 Bxc4 14.Nxc4 Qe6 
15.Ne3 c6 16.a4 Ng4 17.Nxg4 Qxg4 18.Be7 Rfe8 19.Bc5 Bf8 20.Be3 a6 21.Bb6 
Be7 22.f3 Qe6 23.Rd3 Bd8 24.Be3 Be7 25.Rad1 Rad8 26.Bb6 Rxd3 27.Rxd3 f5 
28.Be3 fxe4 29.fxe4 Rf8 30.h3 Bg5 31.Bxg5 hxg5 32.Qd2 Qa2 33.Kh2 Qb1 34.
Re3 Kg7 35.Qd6 Qxb2 36.Qxe5+ Kh6 37.Rf3 Qa3 38.c4 Qb4 39.c5 Rg8 40.Rf7 
Qxa4 41.Qe7 Rh8 42.h4 1-0

[Event "1st Asia-ch"]
[Site "Teheran IRI"]
[Date "1998.08.19"]
[Round "5"]
[White "Ismail, Ahmad"]
[Black "Ghane, Shojaat"]
[Result "0-1"]
[WhiteElo "2040"]
[BlackElo "2265"]
[EventDate "1998.08.14"]
[PlyCount "62"]

1.d4 d5 2.Nf3 Nf6 3.Bg5 Ne4 4.Bh4 Qd6 5.c3 Qh6 6.Nbd2 g5 7.Bg3 Nxg3 8.fxg3
Nc6 9.Qb3 g4 10.Nh4 e6 11.O-O-O Be7 12.Qc2 Qe3 13.Kb1 b6 14.Nb3 Ba6 15.Nc1
O-O-O 16.Qa4 Kb7 17.Nd3 h5 18.Ne1 Bc4 19.Qc2 Bg5 20.Nd3 a5 21.a4 Rc8 22.b3
Ba6 23.Ka2 Nd8 24.Qc1 Qxc1 25.Nxc1 c5 26.Kb2 cxd4 27.cxd4 Be3 28.b4 axb4 
29.Nb3 Nc6 30.Rd3 Bxd3 31.exd3 Nxd4 0-1

[Event "1st Asia-ch"]
[Site "Teheran IRI"]
[Date "1998.08.19"]
[Round "5"]
[White "Kakageldiev, Amanmurad"]
[Black "Saravanan, Venkat"]
[Result "1/2-1/2"]
[WhiteElo "2475"]
[BlackElo "2390"]
[EventDate "1998.08.14"]
[PlyCount "72"]

1.d4 Nf6 2.c4 g6 3.Nf3 Bg7 4.g3 O-O 5.Bg2 d6 6.O-O a6 7.Nc3 Nc6 8.Re1 Rb8 
9.Rb1 Bf5 10.e4 Bg4 11.Be3 Nd7 12.Ne2 Na5 13.Nd2 Bxe2 14.Qxe2 c5 15.dxc5 
dxc5 16.f4 e5 17.Bh3 b6 18.Rbd1 Nc6 19.Nb1 Nd4 20.Qg2 b5 21.cxb5 axb5 22.
Nc3 Rb7 23.b4 cxb4 24.Nd5 Ne6 25.Nxb4 Qa8 26.Nd5 Nf6 27.fxe5 Nd7 28.Nf4 
Re8 29.Nxe6 fxe6 30.Rd6 Nf8 31.Bd4 b4 32.Qc2 Qa5 33.Rf1 Bxe5 34.Qc6 Bxd4+ 
35.Rxd4 Qb5 36.Qxb5 Rxb5 1/2-1/2

[Event "1st Asia-ch"]
[Site "Teheran IRI"]
[Date "1998.08.19"]
[Round "5"]
[White "Kasimdzhanov, Rustam"]
[Black "Djao Thien Hai"]
[Result "1-0"]
[WhiteElo "2570"]
[BlackElo "2580"]
[EventDate "1998.08.14"]
[PlyCount "87"]

1.d4 d5 2.c4 c6 3.Nf3 Nf6 4.e3 e6 5.Nbd2 Nbd7 6.Bd3 Bd6 7.O-O O-O 8.e4 e5 
9.cxd5 cxd5 10.exd5 exd4 11.Ne4 Nxe4 12.Bxe4 Nf6 13.Bc2 Bg4 14.h3 Bxf3 15.
Qxf3 Nxd5 16.Be4 Nf6 17.Bxb7 Rb8 18.Ba6 Qa5 19.Bc4 Nd7 20.Bb3 Ne5 21.Qg3 
Rb6 22.Bf4 Bb8 23.Kh1 Rg6 24.Qh4 Qa6 25.Bxe5 Bxe5 26.Qe4 Qf6 27.Rad1 Rd8 
28.Rfe1 Bd6 29.Rxd4 h5 30.f4 Kf8 31.Bd5 Qh4 32.Rdd1 Rb8 33.Rf1 Re8 34.Qc4 
Re7 35.Qc8+ Re8 36.Qd7 Qe7 37.Qf5 Rf6 38.Qxh5 Kg8 39.Qh4 Qc7 40.Qg4 g6 41.
f5 Kg7 42.fxg6 Rxf1+ 43.Rxf1 fxg6 44.Bf7 1-0

[Event "1st Asia-ch"]
[Site "Teheran IRI"]
[Date "1998.08.19"]
[Round "5"]
[White "Mansour, Samir"]
[Black "De Silva, Nirosh"]
[Result "1-0"]
[WhiteElo "2280"]
[BlackElo "2025"]
[EventDate "1998.08.14"]
[PlyCount "133"]

1.c4 Nf6 2.Nf3 e6 3.Nc3 b6 4.g3 Bb7 5.Bg2 d6 6.d4 Be7 7.O-O Nbd7 8.Qc2 O-O
9.e4 e5 10.d5 Ne8 11.Ne1 Nc5 12.b4 Na6 13.a3 Bc8 14.Nd3 f5 15.f3 g5 16.
exf5 Bxf5 17.Ne4 Bxe4 18.fxe4 Rxf1+ 19.Bxf1 Qd7 20.Nf2 Nb8 21.Qe2 Ng7 22.
Ng4 h5 23.Nh6+ Kh7 24.Nf5 g4 25.Nxe7 Qxe7 26.Bg2 Qf6 27.Be3 Nd7 28.c5 dxc5
29.Qb5 Qd6 30.bxc5 Nxc5 31.Bxc5 bxc5 32.Rc1 c4 33.Qxc4 Ne8 34.Qf1 Ng7 35.
Qf7 Rc8 36.a4 Qa3 37.Rf1 Qxa4 38.h4 Qe8 39.Qxe8 Rxe8 40.Ra1 Ra8 41.Ra6 Ne8
42.Bf1 Kg7 43.Kf2 Nd6 44.Ke3 Kf7 45.Rc6 Ne8 46.Bc4 Kf8 47.Re6 Nd6 48.Bd3 
Nf7 49.Rc6 a5 50.Rxc7 a4 51.Bc4 Nd6 52.Ba2 Rb8 53.Rd7 Rb2 54.Rxd6 Rxa2 55.
Re6 Ra3+ 56.Kd2 Rxg3 57.d6 Rb3 58.Rxe5 Rb6 59.Rd5 Ke8 60.e5 a3 61.e6 Rb8 
62.Rxh5 Rb2+ 63.Kc3 Kf8 64.e7+ Kf7 65.Rh8 Re2 66.Rf8+ Kg7 67.e8=Q 1-0

[Event "1st Asia-ch"]
[Site "Teheran IRI"]
[Date "1998.08.19"]
[Round "5"]
[White "Zagrebelny, Sergei"]
[Black "Khamdamov, Sukhrob"]
[Result "1-0"]
[WhiteElo "2480"]
[BlackElo "2140"]
[EventDate "1998.08.14"]
[PlyCount "65"]

1.e4 g6 2.d4 Bg7 3.Nf3 d6 4.c3 Nf6 5.Bd3 O-O 6.O-O Nc6 7.Re1 e5 8.h3 h6 9.
Na3 Nh5 10.Nc2 Re8 11.b4 a6 12.a4 Nf4 13.Bf1 f5 14.exf5 Bxf5 15.Ne3 Qf6 
16.Nxf5 Qxf5 17.Nh4 Qf6 18.Bxf4 exf4 19.Qg4 g5 20.Nf3 Qf7 21.h4 gxh4 22.
Nxh4 Ne7 23.Bd3 Nd5 24.Rxe8+ Rxe8 25.Bg6 Qe6 26.Nf5 Re7 27.Nxe7+ Qxe7 28.
Kf1 Nxc3 29.Re1 Qf6 30.Re8+ Bf8 31.Bc2+ Kf7 32.Rxf8+ Kxf8 33.Qc8+ 1-0

[Event "1st Asia-ch"]
[Site "Teheran IRI"]
[Date "1998.08.21"]
[Round "6"]
[White "Al-Modiahki, Mohamad"]
[Black "Mansour, Samir"]
[Result "1-0"]
[WhiteElo "2505"]
[BlackElo "2280"]
[EventDate "1998.08.14"]
[PlyCount "43"]

1.e4 e6 2.d4 d5 3.Nc3 dxe4 4.Nxe4 Nd7 5.Nf3 Ngf6 6.Nxf6+ Nxf6 7.Bc4 c5 8.
O-O Be7 9.Qe2 O-O 10.dxc5 Bxc5 11.Bg5 Be7 12.Rad1 Qc7 13.Ne5 a6 14.Rfe1 b5
15.Bb3 Bd6 16.Bxf6 gxf6 17.Ng4 f5 18.Nf6+ Kg7 19.Nh5+ Kh8 20.Qd2 Be5 21.
Qh6 Bb7 22.Rxe5 1-0

[Event "1st Asia-ch"]
[Site "Teheran IRI"]
[Date "1998.08.21"]
[Round "6"]
[White "Al-Rakib, Abdullah"]
[Black "Reilly, Tim"]
[Result "1-0"]
[WhiteElo "2350"]
[BlackElo "2270"]
[EventDate "1998.08.14"]
[PlyCount "63"]

1.d4 d6 2.Bg5 g6 3.Nf3 Bg7 4.c3 f5 5.h3 Nf6 6.Nbd2 O-O 7.Bxf6 Bxf6 8.e4 
fxe4 9.Nxe4 Bg7 10.Bd3 d5 11.Ned2 Nc6 12.Bb5 Qd6 13.O-O e5 14.Bxc6 bxc6 
15.dxe5 Bxe5 16.Nxe5 Qxe5 17.Re1 Qf6 18.Qf3 Bf5 19.Qg3 Rab8 20.Re2 d4 21.
cxd4 Rxb2 22.Qe3 Rc2 23.g4 Rxd2 24.Qxd2 Be6 25.Rae1 Bd5 26.Re8 Qf3 27.
Rxf8+ Kxf8 28.Qh6+ Kf7 29.Qxh7+ Kf8 30.Qh8+ Kf7 31.Qe8+ Kg7 32.Re7+ 1-0

[Event "1st Asia-ch"]
[Site "Teheran IRI"]
[Date "1998.08.21"]
[Round "6"]
[White "Ismail, Ahmad"]
[Black "Azahari, Mohd Nor"]
[Result "1/2-1/2"]
[WhiteElo "2040"]
[BlackElo "2140"]
[EventDate "1998.08.14"]
[PlyCount "44"]

1.c4 c5 2.Nf3 Nf6 3.g3 g6 4.Bg2 Bg7 5.O-O Nc6 6.Nc3 e5 7.d3 d6 8.Bg5 h6 9.
Bxf6 Bxf6 10.Nd5 Bg7 11.Rb1 Be6 12.Nd2 O-O 13.a3 Qd7 14.b4 b6 15.bxc5 dxc5
16.e4 Nd4 17.Nb3 Bxd5 18.exd5 f5 19.Nxd4 cxd4 20.a4 Rac8 21.Rb5 Rc5 22.
Rxc5 bxc5 1/2-1/2

[Event "1st Asia-ch"]
[Site "Teheran IRI"]
[Date "1998.08.21"]
[Round "6"]
[White "Kakageldiev, Amanmurad"]
[Black "Aliev, Kerim"]
[Result "1/2-1/2"]
[WhiteElo "2475"]
[BlackElo "2385"]
[EventDate "1998.08.14"]
[PlyCount "23"]

1.d4 Nf6 2.c4 e6 3.Nf3 b6 4.g3 Ba6 5.b3 c6 6.Bg2 d5 7.Nbd2 Bb4 8.O-O O-O 
9.Bb2 Nbd7 10.Rc1 Rc8 11.a3 Be7 12.b4 1/2-1/2

[Event "1st Asia-ch"]
[Site "Teheran IRI"]
[Date "1998.08.21"]
[Round "6"]
[White "Mallahi, Amir"]
[Black "Khamdamov, Sukhrob"]
[Result "0-1"]
[WhiteElo "2370"]
[BlackElo "2140"]
[EventDate "1998.08.14"]
[PlyCount "76"]

1.e4 e5 2.Nf3 Nc6 3.d4 exd4 4.Nxd4 Qf6 5.Nf3 Qg6 6.Nc3 Bb4 7.Bd2 d6 8.Bd3 
Bg4 9.Nd5 Bxd2+ 10.Qxd2 O-O-O 11.O-O-O Qh6 12.Ne3 Be6 13.Kb1 Nf6 14.Rhe1 
Rhe8 15.Qc3 Qf4 16.Bb5 Nxe4 17.Qa3 Nxf2 18.Bxc6 Nxd1 19.g3 Qf6 20.Bxe8 
Nxe3 21.Rxe3 Rxe8 22.Qxa7 Qf5 23.b3 Qc5 24.Qa8+ Kd7 25.Qa4+ b5 26.Qe4 Qd5 
27.Qf4 Bf5 28.Nd4 Rxe3 29.Qxe3 Bg6 30.Qf2 b4 31.g4 c5 32.Nf3 Qd1+ 33.Kb2 
Bxc2 34.Qxc2 Qxf3 35.Qxh7 Qxg4 36.Qg8 Qg2+ 37.Kb1 Qg1+ 38.Kb2 Qxh2+ 0-1

[Event "1st Asia-ch"]
[Site "Teheran IRI"]
[Date "1998.08.21"]
[Round "6"]
[White "Saravanan, Venkat"]
[Black "Bagheri, Amir"]
[Result "1/2-1/2"]
[WhiteElo "2390"]
[BlackElo "2405"]
[EventDate "1998.08.14"]
[PlyCount "84"]

1.e4 c6 2.d4 d5 3.e5 Bf5 4.Nc3 Qb6 5.g4 Bd7 6.Na4 Qc7 7.Be3 e6 8.Bg2 h5 9.
h3 hxg4 10.hxg4 Rxh1 11.Bxh1 c5 12.Nxc5 Bxc5 13.dxc5 Qxe5 14.Qd4 Nc6 15.
Qxe5 Nxe5 16.g5 Ne7 17.f4 Nf5 18.Bd2 Nc4 19.b3 Nxd2 20.Kxd2 Rc8 21.b4 b6 
22.cxb6 axb6 23.Ne2 b5 24.c3 Ke7 25.Bf3 f6 26.gxf6+ gxf6 27.Rh1 Ra8 28.Nc1
Kd6 29.Rh7 Be8 30.Rh8 e5 31.fxe5+ fxe5 32.Be2 Kc6 33.Bg4 Nd6 34.Bh5 Kd7 
35.Bxe8+ Nxe8 36.Kc2 Ra6 37.Rh7+ Ke6 38.Kb3 Rb6 39.a4 Nf6 40.Rh6 bxa4+ 41.
Kxa4 Ra6+ 42.Kb3 Kf5 1/2-1/2

[Event "1st Asia-ch"]
[Site "Teheran IRI"]
[Date "1998.08.21"]
[Round "6"]
[White "Zagrebelny, Sergei"]
[Black "Kasimdzhanov, Rustam"]
[Result "1/2-1/2"]
[WhiteElo "2480"]
[BlackElo "2570"]
[EventDate "1998.08.14"]
[PlyCount "36"]

1.d4 Nf6 2.c4 c6 3.Nc3 d5 4.cxd5 cxd5 5.Nf3 Nc6 6.Bf4 a6 7.e3 Bg4 8.Be2 e6
9.O-O Bd6 10.Ne5 Bxe2 11.Nxe2 Bxe5 12.Bxe5 Nxe5 13.dxe5 Nd7 14.f4 Qb6 15.
Qd4 Qxd4 16.exd4 Ke7 17.Rac1 Rac8 18.Kf2 f5 1/2-1/2

[Event "1st Asia-ch"]
[Site "Teheran IRI"]
[Date "1998.08.22"]
[Round "7"]
[White "Bagheri, Amir"]
[Black "Al-Rakib, Abdullah"]
[Result "1/2-1/2"]
[WhiteElo "2405"]
[BlackElo "2350"]
[EventDate "1998.08.14"]
[PlyCount "37"]

1.d4 d5 2.Nf3 c5 3.dxc5 e6 4.e4 Bxc5 5.exd5 exd5 6.Bb5+ Nc6 7.O-O Ne7 8.
Nbd2 O-O 9.Nb3 Bb6 10.c3 Bg4 11.Be2 Qd6 12.Bg5 Rfe8 13.Nbd2 Nf5 14.Bd3 h6 
15.Bxf5 Bxf5 16.Nc4 Qc5 17.Nxb6 Qxb6 18.Bc1 Rad8 19.b3 1/2-1/2

[Event "1st Asia-ch"]
[Site "Teheran IRI"]
[Date "1998.08.22"]
[Round "7"]
[White "Barua, Dibyendu"]
[Black "Thipsay, Praveen Mahadeo"]
[Result "1/2-1/2"]
[WhiteElo "2540"]
[BlackElo "2450"]
[EventDate "1998.08.14"]
[PlyCount "100"]

1.e4 c5 2.Nf3 d6 3.d4 cxd4 4.Nxd4 Nf6 5.Nc3 Nc6 6.Be2 e6 7.O-O Be7 8.Be3 
O-O 9.f4 Bd7 10.Kh1 Nxd4 11.Bxd4 Bc6 12.Bd3 Nd7 13.Qe2 e5 14.fxe5 Nxe5 15.
Bxe5 dxe5 16.Bc4 Qc7 17.Qh5 Bf6 18.Rf2 Rad8 19.Raf1 Rd6 20.Nd5 Bxd5 21.
Bxd5 Rd7 22.c4 g6 23.Qh6 Bg7 24.Qe3 b6 25.b4 Kh8 26.c5 f6 27.h4 f5 28.c6 
Rd6 29.b5 f4 30.Qh3 Bf6 31.g3 g5 32.gxf4 exf4 33.Rg2 Qe7 34.Qg4 h6 35.Qh5 
Bg7 36.Rxg5 f3 37.Rg3 Rdf6 38.Rgxf3 Rxf3 39.Rxf3 Rxf3 40.Qxf3 Qxh4+ 41.Kg2
Qg5+ 42.Kh3 Be5 43.Be6 Qg7 44.Qg4 h5 45.Qf3 Qh6 46.Bd5 Qf4 47.Qg2 Kh7 48.
Qg8+ Kh6 49.Qe6+ Kg5 50.Qg8+ Kh6 1/2-1/2

[Event "1st Asia-ch"]
[Site "Teheran IRI"]
[Date "1998.08.22"]
[Round "7"]
[White "Djao Thien Hai"]
[Black "Zagrebelny, Sergei"]
[Result "1-0"]
[WhiteElo "2580"]
[BlackElo "2480"]
[EventDate "1998.08.14"]
[PlyCount "79"]

1.d4 Nf6 2.c4 e6 3.Nc3 Bb4 4.Qc2 d5 5.e3 O-O 6.Nf3 c5 7.a3 Bxc3+ 8.bxc3 b6
9.Be2 Ba6 10.Ne5 Qc7 11.O-O cxd4 12.cxd4 Rc8 13.Bb2 Nfd7 14.f4 Nxe5 15.
fxe5 Bxc4 16.Bxc4 Qd7 17.Rf4 Rxc4 18.Qd3 Qb5 19.Qd2 Nd7 20.Raf1 f5 21.exf6
Nxf6 22.Qf2 Qb3 23.Bc1 Rc2 24.Qf3 Qd3 25.Rd1 Qg6 26.Bd2 a5 27.Be1 h6 28.
Bh4 Ne4 29.Qh3 Rac8 30.Rdf1 Rc1 31.Be1 Ng5 32.Qg3 Qd3 33.h4 Ne4 34.Qg6 
Qxe3+ 35.Kh2 Nd6 36.Rg4 R1c7 37.Bg3 Rd8 38.Bxd6 Rxd6 39.Qe8+ Kh7 40.Rf8 
1-0

[Event "1st Asia-ch"]
[Site "Teheran IRI"]
[Date "1998.08.22"]
[Round "7"]
[White "Ghane, Shojaat"]
[Black "Mallahi, Amir"]
[Result "1-0"]
[WhiteElo "2265"]
[BlackElo "2370"]
[EventDate "1998.08.14"]
[PlyCount "81"]

1.d4 Nf6 2.Nf3 g6 3.Bf4 Bg7 4.e3 O-O 5.Nbd2 d6 6.Bc4 Nbd7 7.h3 c5 8.O-O 
Qe8 9.Re1 e5 10.dxe5 dxe5 11.Bg3 e4 12.Nh2 Ne5 13.Nhf1 Bf5 14.Qe2 Rd8 15.
Red1 a6 16.a4 g5 17.Bb3 Bg6 18.Bxe5 Qxe5 19.Nc4 Qc7 20.a5 Nd7 21.Rd5 f5 
22.Rad1 Nb8 23.Rxd8 Rxd8 24.Rxd8+ Qxd8 25.Nd6+ Kf8 26.Nxb7 Qc7 27.Qd2 Qxb7
28.Qd8+ Be8 29.Qd6+ Qe7 30.Qxb8 Be5 31.Qc8 Kg7 32.Ng3 Bxg3 33.fxg3 Bg6 34.
Qe6 Qf8 35.Kh2 Kh6 36.Qe5 Qc8 37.Bc4 Qd8 38.Qxc5 Qb8 39.Qe7 Qxb2 40.Qf8+ 
Kh5 41.g4+ 1-0

[Event "1st Asia-ch"]
[Site "Teheran IRI"]
[Date "1998.08.22"]
[Round "7"]
[White "Khamdamov, Sukhrob"]
[Black "Saravanan, Venkat"]
[Result "1/2-1/2"]
[WhiteElo "2140"]
[BlackElo "2390"]
[EventDate "1998.08.14"]
[PlyCount "102"]

1.d4 Nf6 2.c4 g6 3.Nf3 Bg7 4.g3 O-O 5.Bg2 c5 6.d5 d6 7.Nc3 Na6 8.O-O Nc7 
9.a4 Rb8 10.h3 b6 11.e4 a6 12.Re1 b5 13.axb5 axb5 14.e5 Nfe8 15.exd6 exd6 
16.Bg5 Nf6 17.Ne4 bxc4 18.Nfd2 Bf5 19.Nxc4 Bxe4 20.Bxe4 Re8 21.Bf3 Rxe1+ 
22.Qxe1 h6 23.Bf4 Ncxd5 24.Bxd6 Rb4 25.b3 Rxb3 26.Qe2 Qc8 27.Kg2 Rb4 28.
Ra5 Kh7 29.Rxc5 Qa6 30.Qd3 Nb6 31.Ne5 Qxd3 32.Nxd3 Rd4 33.Rc6 Rxd3 34.Rxb6
Nd7 35.Ra6 Rd2 36.Bf4 Rb2 37.Ra7 g5 38.Bc1 Bd4 39.Be4+ Kg8 40.Rxd7 Rxf2+ 
41.Kh1 Rf1+ 42.Kg2 Rf2+ 43.Kg1 Bb6 44.Rb7 Bd4 45.Rb4 Ba7 46.Rb8+ Kg7 47.
Ra8 Bb6 48.Rb8 Ba7 49.Rb7 Bd4 50.Rd7 Bb6 51.Rb7 Bd4 1/2-1/2

[Event "1st Asia-ch"]
[Site "Teheran IRI"]
[Date "1998.08.22"]
[Round "7"]
[White "Mansour, Samir"]
[Black "Ismail, Ahmad"]
[Result "1/2-1/2"]
[WhiteElo "2280"]
[BlackElo "2040"]
[EventDate "1998.08.14"]
[PlyCount "103"]

1.c4 c5 2.Nc3 Nc6 3.Nf3 Nf6 4.g3 g6 5.Bg2 Bg7 6.O-O O-O 7.d4 cxd4 8.Nxd4 
Nxd4 9.Qxd4 d6 10.Qd2 Rb8 11.b3 b6 12.Bb2 Bb7 13.e4 Nd7 14.Rad1 f5 15.Rfe1
Ne5 16.f4 Nf7 17.exf5 Bxg2 18.Qxg2 gxf5 19.Re6 Qd7 20.Rde1 Rbe8 21.Nd5 Ne5
22.Rxe7 Rxe7 23.Nxe7+ Qxe7 24.fxe5 dxe5 25.Qd5+ Rf7 26.Bxe5 Bxe5 27.Rxe5 
Qf6 28.Re2 Kg7 29.Rf2 h6 30.Kg2 Kg6 31.a4 h5 32.h4 Re7 33.Qg8+ Kh6 34.Qa8 
Re3 35.Qg8 Rxb3 36.Re2 f4 37.Re6 Rxg3+ 38.Qxg3 Qxe6 39.Qg5+ Kh7 40.Qxh5+ 
Kg7 41.Qg5+ Kh7 42.Qxf4 Qc6+ 43.Kg3 Qxa4 44.Qf7+ Kh8 45.Kf4 Qc6 46.Qh5+ 
Kg7 47.Qg5+ Kh8 48.Qd5 Qf6+ 49.Ke3 a5 50.h5 Kh7 51.Kd3 Kh6 52.Kc2 1/2-1/2

[Event "1st Asia-ch"]
[Site "Teheran IRI"]
[Date "1998.08.22"]
[Round "7"]
[White "Reilly, Tim"]
[Black "De Silva, Nirosh"]
[Result "1-0"]
[WhiteElo "2270"]
[BlackElo "2025"]
[EventDate "1998.08.14"]
[PlyCount "67"]

1.d4 Nf6 2.c4 e6 3.Nc3 Bb4 4.e3 O-O 5.Bd3 d5 6.cxd5 exd5 7.Ne2 c5 8.a3 
Bxc3+ 9.bxc3 c4 10.Bb1 Re8 11.O-O Bg4 12.f3 Bh5 13.Nf4 Bg6 14.Nxg6 hxg6 
15.Ra2 Nc6 16.Re2 Na5 17.e4 Nb3 18.Bb2 a5 19.e5 Nh7 20.f4 b5 21.f5 gxf5 
22.Rxf5 g6 23.Rf4 Qd7 24.Ref2 Re7 25.h4 Kg7 26.h5 Rh8 27.hxg6 fxg6 28.Rf6 
Nf8 29.Qf3 Qe8 30.Qxd5 a4 31.Qf3 Rg8 32.e6 Rxe6 33.Rf7+ Kh6 34.Qf4+ 1-0

[Event "1st Asia-ch"]
[Site "Teheran IRI"]
[Date "1998.08.23"]
[Round "8"]
[White "Al-Modiahki, Mohamad"]
[Black "Zagrebelny, Sergei"]
[Result "1-0"]
[WhiteElo "2505"]
[BlackElo "2480"]
[EventDate "1998.08.14"]
[PlyCount "109"]

1.e4 e5 2.Nf3 Nc6 3.Bb5 a6 4.Ba4 Nf6 5.O-O Be7 6.Re1 b5 7.Bb3 d6 8.c3 O-O 
9.h3 Nd7 10.d4 Nb6 11.Be3 exd4 12.cxd4 d5 13.Nc3 Be6 14.e5 Nc4 15.Bc1 Qd7 
16.Bc2 Rad8 17.a3 g6 18.b3 Nxa3 19.Bxa3 b4 20.Bb2 bxc3 21.Bxc3 Nb4 22.Bxb4
Bxb4 23.Re3 a5 24.Ng5 c5 25.dxc5 Bxc5 26.Rg3 Qc7 27.Qe2 Rc8 28.Rf1 Bd4 29.
Bxg6 hxg6 30.Nxe6 Qxe5 31.Nxd4 Qxd4 32.Rd1 Qc5 33.h4 Rfe8 34.Qf3 Re5 35.h5
Rc6 36.hxg6 fxg6 37.Qf4 Qe7 38.Qd2 Qc5 39.Qh6 Qc2 40.Rf1 Re7 41.Rf3 Rg7 
42.Qg5 Rd7 43.Re1 Rc8 44.Qf6 Rh7 45.Qe6+ Kh8 46.Qe5+ Kg8 47.Qxd5+ Kh8 48.
Qe5+ Kg8 49.Qe6+ Kh8 50.Qf6+ Kg8 51.Rg3 Rh6 52.Rge3 Rf8 53.Re8 Qc5 54.Qe6+
Kh8 55.Qf7 1-0

[Event "1st Asia-ch"]
[Site "Teheran IRI"]
[Date "1998.08.23"]
[Round "8"]
[White "Al-Rakib, Abdullah"]
[Black "Ghorbani, Mohsen"]
[Result "1-0"]
[WhiteElo "2350"]
[BlackElo "2430"]
[EventDate "1998.08.14"]
[PlyCount "73"]

1.d4 d5 2.c4 dxc4 3.Nf3 Nf6 4.e3 e6 5.Bxc4 c5 6.O-O Nc6 7.dxc5 Qxd1 8.Rxd1
Bxc5 9.a3 a6 10.b4 Be7 11.Bb2 b5 12.Bd3 O-O 13.Nbd2 Rd8 14.Nb3 Bb7 15.Rac1
Rd5 16.Nfd4 Rad8 17.Be2 Nxd4 18.Rxd4 Rxd4 19.Bxd4 Rc8 20.Rxc8+ Bxc8 21.Bf3
Ne8 22.Na5 Nd6 23.Bc5 Bf8 24.Kf1 Ne8 25.Ke2 f6 26.Kd3 Kf7 27.Bxf8 Kxf8 28.
Kd4 Ke7 29.Kc5 Nd6 30.Kc6 e5 31.Kc7 e4 32.Nc6+ Ke6 33.Bg4+ f5 34.Bd1 Bd7 
35.Bb3+ Nc4 36.Na5 Ke7 37.Nxc4 1-0

[Event "1st Asia-ch"]
[Site "Teheran IRI"]
[Date "1998.08.23"]
[Round "8"]
[White "Aliev, Kerim"]
[Black "Saltaev, Mikhail"]
[Result "1/2-1/2"]
[WhiteElo "2385"]
[BlackElo "2525"]
[EventDate "1998.08.14"]
[PlyCount "112"]

1.d4 Nf6 2.c4 d6 3.Nf3 Nbd7 4.Nc3 c6 5.e4 e5 6.Be2 g6 7.O-O Bg7 8.Be3 O-O 
9.Qc2 Qe7 10.Rad1 Ng4 11.Bg5 f6 12.Bh4 Nh6 13.c5 dxc5 14.dxe5 Nf7 15.Qb3 
Nb6 16.exf6 Bxf6 17.Bxf6 Qxf6 18.Qa3 Qe7 19.Rfe1 Bg4 20.b3 Bxf3 21.Bxf3 
Ng5 22.Be2 Qe5 23.Qc1 Ne6 24.g3 g5 25.Bg4 Nd4 26.Re3 Rad8 27.Kg2 Nd7 28.
Rh1 Qf6 29.Rf1 Ne5 30.Be2 g4 31.h3 gxh3+ 32.Kxh3 Ndf3 33.Kg2 Rd7 34.Bxf3 
Nxf3 35.e5 Nxe5 36.Ne4 Qf5 37.Qxc5 Rd5 38.Qc3 Ng4 39.Ree1 Ne5 40.Nd6 Qf3+ 
41.Qxf3 Nxf3 42.Re6 Ng5 43.Rh6 Kg7 44.Rh5 h6 45.Nc4 b5 46.Ne3 Rd2 47.Ng4 
Nf7 48.Rc1 Rc8 49.Rxb5 a6 50.Re5 Rxa2 51.Re7 Kg6 52.Re6+ Kg7 53.Ne3 Kh7 
54.Nf5 h5 55.Re7 Kg6 56.Re6+ Kh7 1/2-1/2

[Event "1st Asia-ch"]
[Site "Teheran IRI"]
[Date "1998.08.23"]
[Round "8"]
[White "Azahari, Mohd Nor"]
[Black "Reilly, Tim"]
[Result "0-1"]
[WhiteElo "2140"]
[BlackElo "2270"]
[EventDate "1998.08.14"]
[PlyCount "58"]

1.d4 d6 2.Nc3 g6 3.e4 Nf6 4.Bg5 Bg7 5.Bc4 O-O 6.Qd2 Nxe4 7.Bxf7+ Rxf7 8.
Nxe4 Qf8 9.f3 Nd7 10.h4 d5 11.Nf2 Nb6 12.h5 Nc4 13.Qc1 Bxd4 14.c3 Bg7 15.
hxg6 hxg6 16.Ne2 e5 17.b3 Nd6 18.Qd2 c6 19.O-O-O Nb5 20.Qe3 a5 21.Kb1 a4 
22.b4 Nxc3+ 23.Nxc3 Qxb4+ 24.Kc2 d4 25.Qe1 dxc3 26.Rd8+ Rf8 27.Rxf8+ Kxf8 
28.Nd1 Qc4 29.Kc1 Qxa2 0-1

[Event "1st Asia-ch"]
[Site "Teheran IRI"]
[Date "1998.08.23"]
[Round "8"]
[White "Barua, Dibyendu"]
[Black "Bagheri, Amir"]
[Result "1-0"]
[WhiteElo "2540"]
[BlackElo "2405"]
[EventDate "1998.08.14"]
[PlyCount "93"]

1.e4 c6 2.d4 d5 3.exd5 cxd5 4.c4 Nf6 5.Nc3 e6 6.Nf3 Bb4 7.cxd5 Nxd5 8.Bd2 
Nc6 9.Bd3 Be7 10.O-O O-O 11.Qe2 Nf6 12.Ne4 Bd7 13.Rad1 Qb6 14.Nxf6+ Bxf6 
15.Ne5 Rad8 16.Nc4 Qb5 17.Bc3 Ne7 18.Ne5 Qb6 19.Qe1 Bc6 20.Ba5 Qxb2 21.
Nxc6 Nxc6 22.Bxd8 Rxd8 23.Qe4 g6 24.Rb1 Qxa2 25.Rxb7 Nxd4 26.Qf4 Kg7 27.
Qc7 Rf8 28.Rxa7 Qd2 29.Bc4 Qg5 30.g3 Nf3+ 31.Kg2 Qg4 32.Qf4 Qxf4 33.gxf4 
Nd2 34.Rc1 Rc8 35.Bxe6 Rxc1 36.Rxf7+ Kh6 37.Rxf6 Ne4 38.Rf7 Rc2 39.Kf3 
Nxf2 40.Rd7 Nh1 41.Bg8 g5 42.f5 g4+ 43.Kf4 Rf2+ 44.Ke5 g3 45.Kf6 Kh5 46.h3
h6 47.Rd4 1-0